000 00750cab a2200229 4500
001 ABS49741
008 090401t1993 xxu||||| |||| 00| 0 eng d
035 _a(Sirsi) u72598
041 _aeng
100 _aPowell-Smith, V.
245 4 _aThe mystery of restitution
260 _c1993
350 _a0
490 _aContract Journal
_v371(5953) 2 December 1993, 8(1)
520 _aDiscusses "D O Ferguson & Associates v Sohl" (CA 1993) where a claim for damages to cover overpayment for unfinished work was treated as a claim for restitution.
650 _aBUILT ENVIRONMENT-BUILDING CONTRACT FORMS
650 _aCLAIMS
650 _aGOOD FAITH
690 _aBUILT ENVIRONMENT-BUILDING CONTRACT FORMS
942 _n0
948 _c04/03/1997
999 _c45887
_d45887